| 000 | 00649cas a22002175a 4500 | ||
|---|---|---|---|
| 001 | L137981 | ||
| 008 | 070510c19891995xxkbr p 0 a0eng u | ||
| 035 | _a(Sirsi) u137981 | ||
| 041 | 0 | _aeng | |
| 110 | 2 |
_aRoyal Institution of Chartered Surveyors _bRural Practice Division _92625 |
|
| 240 | _aRural Practice News | ||
| 245 | 0 | 0 | _aRural Practice Bulletin |
| 260 |
_aLondon _bRICS _c1989-1995 |
||
| 362 | 0 | _aMarch 1989-May/June 1995 | |
| 362 | 0 | _aJanuary/February 1993-May/June 1995 | |
| 554 | _aSix per year | ||
| 651 | 4 |
_aUnited Kingdom _y |
|
| 690 | _aPROPERTY-RURAL AND NATURAL ASSETS | ||
| 785 | 0 | 0 | _tRural Property Bulletin |
| 942 | _n0 | ||
| 999 |
_c118927 _d118927 |
||